000 00187 a2200097 4500
020 _a9780152553432
041 _aspa
100 _aEhlert, Lois
245 _aUn lazo a la Luna
942 _cBK
999 _c15300
_d15300